[Event "45th FIDE Chess Olympiad Open"]
[Site "Budapest, Hungary"]
[Date "2024.09.13"]
[Round "3.46"]
[White "Anton Guijarro, David"]
[Black "Quesada Perez, Luis Ernesto"]
[Result "1-0"]
[WhiteElo "2665"]
[BlackElo "2578"]
[PlyCount "61"]
[EventDate "2024.??.??"]
[WhiteTeam "Spain"]
[BlackTeam "Cuba"]
[WhiteTeamCountry "ESP"]
[BlackTeamCountry "CUB"]
[WhiteClock "0:05:29"]
[BlackClock "0:05:36"]

1. e4 {Marjanovic,Slavoljub} e5 2. Nf3 Nc6 3. Bb5 f5 4. d3 fxe4 5. dxe4 Nf6 6. O-O ({RR} 6. Qd3) ({RR} 6. Qe2) ({RR} 6. Bg5) ({RR} 6. Nc3) ({RR} 6. Be3) 6... d6 ({RR} 6... Bc5) 7. Nc3 Be7 8. Be3 ({RR} 8. a4 Bg4 9. Qd3 O-O 10. Bc4+ Kh8 11. Ng5 Qe8 12. Ne6 Nb4 13. Qd2 Qf7 14. Nb5 Na6 15. Nexc7 Qxc4 16. Nxa8 Rxa8 17. b3 Qc6 18. f3 Be6 19. c4 Nc5 20. Rb1 a6 21. Nc3 Nxb3 22. Rxb3 Bxc4 {Nepomniachtchi,I (2784)-Artemiev,V (2716) chess24.com INT 2020 1-0 (38)}) ({RR} 8. Qe2 O-O 9. Bxc6 bxc6 10. Qc4+ Kh8 11. Qxc6 Rb8 12. Qa4 Bg4 13. Ne1 Nh5 14. f3 Be6 15. Nd3 c5 16. Nd5 Bg5 17. c4 Bxc1 18. Raxc1 Qg5 19. Qc2 Bxd5 20. exd5 Nf4 21. b3 Nxd3 22. Qxd3 Kg8 {Banas,K (2162)-Galla,R (1975) Modra SVK 2024 ½-½ (45)}) 8... a6 ({RR} 8... O-O 9. Bc4+ ({RR} 9. Qd3 Kh8 10. a3 Qe8) ({RR} 9. h3) 9... Kh8 10. Ng5 Qe8 11. Ne6 Na5 ({RR} 11... Qf7 12. Nxc7 Qxc4 13. Nxa8) 12. Bb5 ({RR} 12. Nxc7 Qd7 13. Nxa8 Nxc4) 12... c6 13. Nc7) 9. Bc4 $146 ({RR} 9. Be2 Bg4 ({RR} 9... Be6 10. Ng5 Bg8 11. f4) ({RR} 9... Ng4 10. Qd5) 10. h3 Bh5 ({RR} 10... Be6 11. Ng5 Bg8 12. Nd5) 11. Ng5 ({RR} 11. Nxe5 Bxe2 12. Nxc6 Bxd1 13. Nxd8 Bxc2 14. Ne6 Kd7 15. Nxc7 Kxc7 16. Rac1 Bxe4 17. Nxe4+ Kd7 18. Nc3) 11... Bxe2 12. Qxe2 Qd7 13. Qc4 Nd8 14. f4 exf4 15. Bxf4 Qc6 ({RR} 15... h6 16. Nf3 Ne6 17. Be3) 16. Qd3 ({RR} 16. Qxc6+ bxc6 17. e5 Nh5 18. exd6 cxd6 19. Bd2) 16... h6 17. Nf3 Ne6 18. Be3 O-O ({RR} 18... O-O-O 19. b4 ({RR} 19. Nd5 Rde8 20. b4) 19... d5 ({RR} 19... Kb8 20. a4) 20. Ne5 Qe8 21. Nxd5 Bd6 22. Nc4 Bxb4 23. Rab1 Bc5 24. Kh1) ({RR} 18... Nc5 19. Bxc5 Qxc5+ 20. Nd4 O-O-O 21. Kh1) 19. Nh4 Nc5 ({RR} 19... Qe8 20. Nf5 Bd8) ({RR} 19... Bd8 20. Ng6 Re8 21. Rf5) 20. Ng6 Rf7 21. Qc4 Re8 ({RR} 21... Bf8 22. e5 d5 23. Qe2) 22. e5 ({RR} 22. Nh8 Kxh8 23. Qxf7) 22... dxe5 ({RR} 22... b5 23. Qf4 ({RR} 23. Qd4) ({RR} 23. Qe2) 23... Bd8 24. Rae1 ({RR} 24. Qf5 b4 25. Nd1 Re6 26. Bxc5 Qxc5+ 27. Rf2 Re8 28. e6) 24... Nce4 25. Bd4 ({RR} 25. exf6 Rxf6 26. Qg4 h5) 25... Qc4 26. Nxe4 dxe5 27. Nxe5 Qxd4+ 28. Kh1 Rxe5 ({RR} 28... Qxe5 29. Nxf6+ Bxf6 30. Rxe5 Rxe5 31. Qf3) 29. Nxf6+ Bxf6 30. Qxd4 Rxe1 31. Qf2 Rxf1+ 32. Qxf1 Bxb2 33. Qe2) 23. Nxe7+ ({RR} 23. Qxf7+ Kxf7 24. Nxe5+) 23... Rexe7 {Perunovic,M (2602)-Radjabov,T (2724) Tromsoe 2014 CBM 162 [Marjanovic,Slavoljub] 1-0 (32)}) 9... Na5 10. Bd3 ({RR} 10. Be2 O-O 11. Qd3) 10... O-O 11. Nd5 Nc6 12. h3 Nxd5 13. exd5 Nb8 14. a4 a5 15. Ra3 Qe8 16. Rc3 Bd8 17. Ng5 Bxg5 18. Bxg5 Na6 19. Bb5 Bd7 20. Bxa6 Rxa6 21. Rxc7 Bf5 22. Kh2 Qxa4 23. f4 Raa8 24. fxe5 dxe5 25. d6 h6 26. Qd5+ Kh7 27. Qxe5 Bd7 28. b3 Qb5 29. Qxb5 Bxb5 30. Rxf8 Rxf8 31. Be7 1-0

[Event "45th FIDE Chess Olympiad Open"]
[Site "Budapest, Hungary"]
[Date "2024.09.13"]
[Round "3.47"]
[White "Miranda Mesa, Elier"]
[Black "Vallejo Pons, Francisco"]
[Result "1/2-1/2"]
[WhiteElo "2512"]
[BlackElo "2657"]
[PlyCount "69"]
[EventDate "2024.??.??"]
[WhiteTeam "Cuba"]
[BlackTeam "Spain"]
[WhiteTeamCountry "CUB"]
[BlackTeamCountry "ESP"]
[WhiteClock "0:02:18"]
[BlackClock "0:03:46"]

1. e4 c5 2. Nf3 Nc6 3. d4 cxd4 4. Nxd4 Nf6 5. Nc3 d6 6. Be2 g6 7. Be3 Bg7 8. Qd2 Ng4 9. Bxg4 Bxg4 10. f3 Be6 11. Nxe6 fxe6 12. Bh6 Bf6 ({RR} 12... Be5 13. Bf4 Rc8 14. Bxe5 Nxe5 15. O-O-O Qa5 16. Kb1 Nc4 17. Qd4 O-O 18. Ne2 Na3+ 19. bxa3 Qb5+ 20. Qb2 Qxe2 21. h4 Rc6 22. Rhe1 Qxg2 23. Rd3 Rxf3 24. Rb3 Rf1 25. Rc1 b6 26. h5 Qg1 {0-1 (26) Daftuar,R (1730)-Corrales Jimenez,F (2538) Norfolk, VA USA 2024}) 13. Bg5 $146 ({RR} 13. Ne2 Qa5 14. Qxa5 Nxa5 15. O-O-O Rc8 16. g4 Rg8 17. h4 Nc6 18. Be3 Ne5 19. g5 Nc4 20. Bd4 Bxd4 21. Nxd4 e5 22. Nb5 Ne3 23. Rd2 Rf8 24. Rh3 Kd7 25. b3 a6 26. Na3 d5 27. exd5 e4 {Adams,W-Bernstein,S New York 1940 1-0 (55)}) ({RR} 13. Ne2 Qa5 14. Qxa5 Nxa5 15. O-O-O g5 16. f4 gxf4 17. Bxf4 Rg8 18. g3 Nc6 19. Rhf1 Be5 20. Bxe5 Nxe5 21. Nf4 Kd7 22. Nd3 Ng4 23. Rf4 Ke8 24. Rd2 e5 25. Rf3 Nf6 26. Nf2 Kd7 27. Ra3 a6 {Ragger,M (2701)-Georgiadis,N (2534) Austria 2018 ½-½ (41)}) ({RR} 13. Ne2 Rc8 14. O-O-O Ne5 15. b3 b5 16. Nd4 Qd7 17. g4 Nc6 18. Nxb5 Qb7 19. a4 a6 20. g5 Ba1 21. Kb1 axb5 22. Kxa1 bxa4 23. Rb1 axb3 24. Rxb3 Qa7+ 25. Kb2 Ne5 26. Qb4 Nc4+ 27. Kc1 Kf7 {Adams,W-Polland,D New York 1940 0-1 (36)}) 13... Be5 14. Nd1 Qb6 15. Be3 Qa6 16. Qe2 Rb8 17. c3 d5 18. Nf2 d4 19. cxd4 Nxd4 20. Bxd4 Bxd4 21. Qxa6 bxa6 22. Nd3 Bxb2 23. Rb1 Bc3+ 24. Ke2 Kf7 25. Rhc1 Bd4 26. Rxb8 Rxb8 27. Rc4 e5 28. f4 Rb5 29. fxe5 Bxe5 30. a4 Ra5 31. h3 Bd6 32. Ke3 h5 33. Kf3 Rg5 34. g4 Ra5 35. h4 1/2-1/2

[Event "45th FIDE Chess Olympiad Open"]
[Site "Budapest, Hungary"]
[Date "2024.09.13"]
[Round "3.48"]
[White "Pichot, Alan"]
[Black "Almeida Quintana, Omar"]
[Result "1-0"]
[WhiteElo "2628"]
[BlackElo "2492"]
[PlyCount "57"]
[EventDate "2024.??.??"]
[WhiteTeam "Spain"]
[BlackTeam "Cuba"]
[WhiteTeamCountry "ESP"]
[BlackTeamCountry "CUB"]
[WhiteClock "0:21:29"]
[BlackClock "0:03:47"]

1. e4 d6 2. d4 Nf6 3. Nc3 e5 4. Nf3 Nbd7 5. Rg1 c6 6. g4 h6 7. Be3 b5 8. a3 Bb7 9. h4 h5 ({RR} 9... exd4 10. Nxd4 h5 11. gxh5 Nxh5 12. Be2 g6 13. Qd2 a6 14. O-O-O Qc7 15. Bg5 Nhf6 16. h5 c5 17. Ndxb5 axb5 18. Nxb5 Qb6 19. hxg6 fxg6 20. Qf4 Nxe4 21. Bc4 Ne5 22. Rge1 Rh5 23. Rxe4 Rxg5 24. Qf7+ {Wallace,J (2365)-Adnoy,H (2303) Oslo NOR 2024 1-0}) 10. gxh5 Rxh5 11. Bh3 $146 ({RR} 11. Qd2 a5 12. dxe5 dxe5 13. Be2 b4 14. Na4 Nxe4 15. Qd1 bxa3 16. bxa3 Ndc5 17. Nxc5 Bxc5 18. Ng5 Bxe3 19. Nxe4 Qxh4 20. Qd3 Bd4 21. Bxh5 Qxh5 22. c3 Ba6 23. Qd1 Qf5 24. Qg4 Qxg4 25. Rxg4 Ba7 {Yuan,Q (2360)-Yelisieiev,Y (2418) chess.com INT 2023 ½-½ (46)}) 11... g6 12. Rg5 Be7 13. Rxh5 Nxh5 14. Bxd7+ Qxd7 15. dxe5 O-O-O 16. Qe2 dxe5 17. Nxe5 Qe6 18. Nd3 Bxh4 19. Bxa7 Qh3 20. O-O-O Bg5+ 21. Kb1 Nf4 22. Qd2 Ne6 23. f4 Bh6 24. Bb6 Rd7 25. Qf2 Bg7 26. f5 gxf5 27. exf5 Ng5 28. Re1 Qh8 29. Qe3 1-0

[Event "45th FIDE Chess Olympiad Open"]
[Site "Budapest, Hungary"]
[Date "2024.09.13"]
[Round "3.49"]
[White "Vachier-Lagrave, Maxime"]
[Black "Kadric, Denis"]
[Result "1/2-1/2"]
[WhiteElo "2731"]
[BlackElo "2553"]
[PlyCount "53"]
[EventDate "2024.??.??"]
[WhiteTeam "France"]
[BlackTeam "Montenegro"]
[WhiteTeamCountry "FRA"]
[BlackTeamCountry "MNE"]
[WhiteClock "0:27:36"]
[BlackClock "0:42:22"]

1. e4 e5 2. Nf3 Nf6 3. Nxe5 d6 4. Nf3 Nxe4 5. d4 d5 6. Bd3 Be7 7. O-O Nc6 8. Nbd2 Bf5 9. Re1 Nxd2 10. Qxd2 Bxd3 ({RR} 10... Bg6 11. Bb5 O-O 12. Bxc6 bxc6 13. Qc3 Bd6 14. Qxc6 Be4 15. Ng5 Qf6 16. Qc3 Bg6 17. Bd2 Rab8 18. a3 h6 19. Nf3 Be4 20. Ne5 Bxe5 21. dxe5 Qg6 22. f3 Bxc2 23. b4 Rfc8 24. Be3 a6 25. Rac1 {Firouzja,A (2793)-Mamedyarov,S (2759) Zagreb 2022 1-0 (43)}) ({RR} 10... Bg6 11. h3 O-O 12. c3 Bd6 13. Bxg6 hxg6 14. Qd3 Qd7 15. Ne5 Bxe5 16. dxe5 Rfe8 17. Bf4 Rad8 18. Rad1 a6 19. e6 Rxe6 20. Rxe6 fxe6 21. Qxg6 Rf8 22. Bg3 Rf6 23. Qg4 Qf7 24. Re1 Rg6 25. Qd1 {Kulaots,K (2524)-Bronstein,O (2428) Stockholm SWE 2024 ½-½ (49)}) 11. Qxd3 O-O 12. Re2 a6 $146 ({RR} 12... Qd7 13. Bf4 Rfe8 14. Rae1 Bf8 15. c3 Rxe2 16. Rxe2 Ne7 17. h4 c6 18. Ne5 Qf5 19. Qxf5 Nxf5 20. h5 f6 21. Nd7 Rd8 22. Nxf8 Kxf8 23. g4 Ne7 24. Kg2 Kf7 25. a4 Re8 26. f3 Nc8 27. Rxe8 {Van Foreest,J (2678)-Dominguez Perez,L (2754) Zagreb 2022 ½-½ (45)}) ({RR} 12... Qd7 13. Bf4 Rfe8 14. Rae1 Bf8 15. c3 Rxe2 16. Rxe2 Ne7 17. Ne5 Qf5 18. Qxf5 Nxf5 19. Nd3 c6 20. g4 Nd6 21. Kf1 b6 22. a4 Rc8 23. Ne5 Rc7 24. Nd3 Rc8 25. h4 Nc4 26. Nb4 f6 27. Kg2 {Nepomniachtchi,I (2766)-Dominguez Perez,L (2754) Zagreb 2022 1-0 (45)}) ({RR} 12... Qd7 13. Bf4 Rfe8 14. Rae1 Bf8 15. c3 Rxe2 16. Rxe2 a6 17. h3 f6 18. Nd2 Ne7 19. Nf1 {½-½ (19) Giri,A (2783)-Yu,Y (2764) St Petersburg 2018}) 13. Bf4 Qd7 14. h4 Rae8 15. h5 Bd8 16. Rxe8 Rxe8 17. h6 Re4 18. Be3 g6 19. c4 Be7 20. Rc1 f6 21. g3 Bf8 22. Nd2 Re8 23. Qb3 Na5 24. Qc3 Nc6 25. Qb3 Na5 26. Qc3 Nc6 27. Qb3 1/2-1/2

[Event "45th FIDE Chess Olympiad Open"]
[Site "Budapest, Hungary"]
[Date "2024.09.13"]
[Round "3.50"]
[White "Petrov, Nikita"]
[Black "Maurizzi, Marc`Andria"]
[Result "1-0"]
[WhiteElo "2574"]
[BlackElo "2595"]
[PlyCount "85"]
[EventDate "2024.??.??"]
[WhiteTeam "Montenegro"]
[BlackTeam "France"]
[WhiteTeamCountry "MNE"]
[BlackTeamCountry "FRA"]
[WhiteClock "0:28:03"]
[BlackClock "0:39:14"]

1. Nf3 Nf6 2. c4 g6 3. Nc3 Bg7 4. e4 d6 5. d4 O-O 6. Be2 e5 7. O-O Na6 8. Be3 c6 9. d5 Ng4 10. Bg5 f6 11. Bd2 c5 12. Ne1 Nh6 13. Nd3 Nf7 14. a3 b6 15. Rb1 Nc7 16. b4 f5 17. a4 $146 ({RR} 17. bxc5 bxc5 18. Qa4 Ne8 19. Rb2 Nf6 20. f3 Bh6 21. Bxh6 Nxh6 22. Qc6 fxe4 23. Qxa8 exd3 24. Bxd3 Qa5 25. Rb8 Qxc3 26. Rxc8 Rxc8 27. Qxc8+ Kg7 28. Be4 Qd4+ 29. Kh1 Qxc4 30. Rb1 Nxe4 31. fxe4 Qxe4 {Borzov,D (2201)-Vovk,O (2296) Kiev 2006 0-1 (56)}) 17... a5 18. bxc5 bxc5 19. exf5 gxf5 20. Nb5 Na6 21. f4 e4 22. Nf2 Nb4 23. Rb3 Kh8 24. g4 Bd7 25. Kh1 Bxb5 26. axb5 a4 27. Ra3 Qe7 28. Be3 fxg4 29. Bxg4 Nh6 30. Be6 Nf5 31. Bxf5 Rxf5 32. Rxa4 Rg8 33. Rg1 Rff8 34. b6 Ra8 35. Rxa8 Rxa8 36. Qb1 Ra3 37. Bc1 e3 38. Qe4 Qxe4+ 39. Nxe4 Ra6 40. b7 Rb6 41. Nxd6 e2 42. Bb2 Bxb2 43. Nf7# 1-0

[Event "45th FIDE Chess Olympiad Open"]
[Site "Budapest, Hungary"]
[Date "2024.09.13"]
[Round "3.51"]
[White "Fressinet, Laurent"]
[Black "Djukic, Nikola"]
[Result "1/2-1/2"]
[WhiteElo "2616"]
[BlackElo "2515"]
[PlyCount "67"]
[EventDate "2024.??.??"]
[WhiteTeam "France"]
[BlackTeam "Montenegro"]
[WhiteTeamCountry "FRA"]
[BlackTeamCountry "MNE"]
[WhiteClock "0:01:05"]
[BlackClock "0:04:25"]

1. d4 Nf6 2. c4 e6 3. Nf3 d5 4. Nc3 Bb4 5. e3 O-O 6. Bd2 b6 7. cxd5 exd5 8. Bd3 Bd6 9. O-O Bb7 10. Rc1 c5 11. Nb5 Be7 12. Ne5 a6 13. Nc3 Nc6 14. Nxc6 Bxc6 15. dxc5 bxc5 16. Ne2 $146 ({RR} 16. Na4 c4 17. Bc2 Rb8 18. Bc3 Bd6 19. Bd4 Qe7 20. Nc3 Be5 21. b3 Rfd8 22. h3 Rbc8 23. Qd2 Bb7 24. Rfd1 Ne4 25. Qe1 Nc5 26. Ne2 cxb3 27. axb3 Bd6 28. Bb2 Ne6 29. Nd4 Nxd4 30. exd4 Qxe1+ {Tan,Z (2522)-Ju,W (2571) Chongqing/Shanghai 2018 ½-½ (33)}) 16... Qb6 17. Bc3 Rfd8 18. Ng3 g6 19. Qe1 a5 20. Qe2 a4 21. Rfd1 Bd7 22. Qe1 Be6 23. Ne2 Nh5 24. Bc2 Bg5 25. Rb1 Ng7 26. b4 axb3 27. axb3 Ra2 28. Rb2 Rda8 29. Rxa2 Rxa2 30. Ra1 Qa7 31. Bb2 Ne8 32. Rxa2 Qxa2 33. Qa1 Qxa1+ 34. Bxa1 1/2-1/2

[Event "45th FIDE Chess Olympiad Open"]
[Site "Budapest, Hungary"]
[Date "2024.09.13"]
[Round "3.52"]
[White "Draskovic, Luka"]
[Black "Lagarde, Maxime"]
[Result "1/2-1/2"]
[WhiteElo "2497"]
[BlackElo "2598"]
[PlyCount "63"]
[EventDate "2024.??.??"]
[WhiteTeam "Montenegro"]
[BlackTeam "France"]
[WhiteTeamCountry "MNE"]
[BlackTeamCountry "FRA"]
[WhiteClock "0:13:14"]
[BlackClock "0:22:43"]

1. e4 e6 2. d4 d5 3. e5 c5 4. c3 Nc6 5. Nf3 Nge7 6. Na3 Bd7 7. Nc2 Qa5 8. h4 Nxd4 9. Ncxd4 cxd4 10. Nxd4 Nc6 11. Nxc6 Bxc6 12. Be3 $146 ({RR} 12. Rh3 O-O-O 13. Be3 d4 14. Bxd4 Bc5 15. Qd2 Bxd4 16. cxd4 Qxd2+ 17. Kxd2 Rxd4+ 18. Kc3 Re4 19. Rg3 g6 20. Rf3 Rf8 21. g3 Rxe5 22. Rf6 Kd7 23. Bc4 Ke7 24. Rf4 Rc8 25. Kd4 f6 26. Bb3 Rb5 {Nazari,A (2367)-Bluebaum,M (2672) chess.com INT 2023 0-1 (38)}) 12... Bb5 13. Bxb5+ Qxb5 14. Qe2 Qxe2+ 15. Kxe2 a6 16. h5 Rc8 17. Bd4 Be7 18. Kd3 f5 19. Rh3 O-O 20. f4 a5 21. a4 Bc5 22. Bxc5 Rxc5 23. b3 Rfc8 24. Kc2 b5 25. axb5 Rxb5 26. Rd3 Kf7 27. Ra4 Rc7 28. Kb2 Rbc5 29. Kc2 Rb5 30. Kb2 Rbc5 31. Kc2 Rb5 32. Kb2 1/2-1/2

[Event "45th FIDE Chess Olympiad Open"]
[Site "Budapest, Hungary"]
[Date "2024.09.13"]
[Round "3.53"]
[White "Kuybokarov, Temur"]
[Black "Volokitin, Andrei"]
[Result "1/2-1/2"]
[WhiteElo "2562"]
[BlackElo "2660"]
[PlyCount "86"]
[EventDate "2024.??.??"]
[WhiteTeam "Australia"]
[BlackTeam "Ukraine"]
[WhiteTeamCountry "AUS"]
[BlackTeamCountry "UKR"]
[WhiteClock "0:12:09"]
[BlackClock "0:07:02"]

1. e4 c5 2. Nf3 d6 3. d4 cxd4 4. Nxd4 Nf6 5. Nc3 a6 6. Bg5 e6 7. f4 Qb6 8. Qd2 Qxb2 9. Rb1 Qa3 10. f5 Nc6 11. fxe6 Bxe6 12. Rxb7 Nxd4 13. Qxd4 Be7 14. Bd3 ({RR} 14. Bc4 Rc8 15. Nd5 Bxd5 16. Bxd5 Nxd5 17. Qxg7 Rf8 18. exd5 Bxg5 19. Qxg5 Qc3+ 20. Kf2 Qxc2+ 21. Kg3 Qe4 22. Rf1 h6 23. Qg4 Rc3+ 24. Rf3 Qxg4+ 25. Kxg4 Rg8+ 26. Kh5 Rxf3 27. Rb8+ Ke7 28. Rxg8 Rf5+ {Kuybokarov,T (2600)-Brkic,A (2639) Saint Louis USA 2024 ½-½ (50)}) 14... h6 ({RR} 14... Rc8 15. Nd5 Nxd5 16. exd5 Bxg5 17. dxe6 Qa5+ 18. c3 O-O 19. O-O Bh6 20. Rbxf7 g6 21. Bc4 d5 22. Rxf8+ Rxf8 23. Rxf8+ Bxf8 24. e7 Kf7 25. exf8=Q+ Kxf8 26. Bxd5 {1-0 (26) Sylvan,J (2316)-Akbas,U (2437) Teplice CZE 2024}) 15. Bd2 Qc5 16. Qxc5 $146 ({RR} 16. Ne2 Qxd4 17. Nxd4 Bc8 18. Rb1 O-O 19. Nf5 Bxf5 20. exf5 d5 21. Be3 Ng4 22. Bd4 Rfe8 23. O-O Bf6 24. Bxf6 Nxf6 25. Rb4 a5 26. Rd4 Reb8 27. a3 Kf8 28. Re1 Re8 29. Rb1 Rab8 30. Rxb8 Rxb8 {Nepomniachtchi,I (2789)-Giri,A (2776) chess24.com INT 2021 ½-½ (62)}) 16... dxc5 17. Rf1 c4 18. Be2 Ba3 19. Be3 O-O 20. Bd4 Rfb8 21. Rxb8+ Rxb8 22. Kd2 Rd8 23. Ke3 Be7 24. Bxf6 Bxf6 25. Nd5 Bxd5 26. exd5 Rxd5 27. Bxc4 Rg5 28. g3 Rg4 29. Bb3 Kf8 30. Rd1 Ke7 31. Re1 Rg5 32. Kf4+ Kf8 33. Rd1 Ke7 34. Re1+ Kf8 35. Re4 h5 36. h3 Rc5 37. Rc4 Rxc4+ 38. Bxc4 a5 39. Ke4 Bc3 40. g4 hxg4 41. hxg4 Ke7 42. a4 f6 43. Kd5 Kd7 1/2-1/2

[Event "45th FIDE Chess Olympiad Open"]
[Site "Budapest, Hungary"]
[Date "2024.09.13"]
[Round "3.54"]
[White "Ivanchuk, Vasyl"]
[Black "Cheng, Bobby"]
[Result "0-1"]
[WhiteElo "2635"]
[BlackElo "2588"]
[PlyCount "80"]
[EventDate "2024.??.??"]
[WhiteTeam "Ukraine"]
[BlackTeam "Australia"]
[WhiteTeamCountry "UKR"]
[BlackTeamCountry "AUS"]
[WhiteClock "0:00:55"]
[BlackClock "0:00:52"]

1. e4 e6 2. d4 d5 3. exd5 exd5 4. Nf3 Bd6 5. c4 c6 6. Nc3 Nf6 7. Bd3 O-O 8. O-O h6 9. Re1 dxc4 10. Bxc4 Bg4 11. h3 Bxf3 12. Qxf3 Nbd7 13. Bb3 Nb6 14. Bd2 Bc7 15. Ne4 $146 ({RR} 15. Rad1 Qd6 16. g3 Qd7 17. Kg2 a5 18. a3 Nbd5 19. Ne4 Nxe4 20. Rxe4 Ne7 21. Rde1 Ng6 22. Rg4 Kh8 23. Rge4 Bd8 24. h4 Kh7 25. h5 Nh8 26. Be6 fxe6 27. Qxf8 Qd5 28. Qf3 Bb6 29. Rxe6 Qxf3+ {Rubio Tent,F (1836)-Martin Duque,J (1646) Padron 2008 1-0 (36)}) 15... Nbd5 16. Nc5 Rb8 17. a3 Bb6 18. Bc2 Re8 19. Rxe8+ Qxe8 20. b4 Bxc5 21. dxc5 Rd8 22. Re1 Qd7 23. Bf5 Qc7 24. g3 Kf8 25. Bc1 a5 26. Bb2 Re8 27. Rxe8+ Nxe8 28. b5 Qe7 29. Bd4 Nec7 30. Qg4 Nf6 31. Qf4 Nfd5 32. Qg4 Nf6 33. Bxf6 Qxf6 34. Qf4 Qe7 35. bxc6 bxc6 36. Be4 g5 37. Qf5 Qe6 38. Qf3 Nb5 39. Bxc6 Nd4 40. Qd5 Nxc6 0-1

[Event "45th FIDE Chess Olympiad Open"]
[Site "Budapest, Hungary"]
[Date "2024.09.13"]
[Round "3.55"]
[White "Zhao, Zong-Yuan"]
[Black "Ponomariov, Ruslan"]
[Result "0-1"]
[WhiteElo "2478"]
[BlackElo "2654"]
[PlyCount "140"]
[EventDate "2024.??.??"]
[WhiteTeam "Australia"]
[BlackTeam "Ukraine"]
[WhiteTeamCountry "AUS"]
[BlackTeamCountry "UKR"]
[WhiteClock "0:00:42"]
[BlackClock "0:08:24"]

1. e4 e5 2. Nf3 Nc6 3. Bb5 Nf6 4. d3 Bc5 5. Bxc6 dxc6 6. Nbd2 Qe7 7. Nc4 Nd7 8. Qe2 ({RR} 8. O-O O-O 9. Kh1 Re8 10. a4 b6 11. b3 a5 12. Bb2 Bd6 13. d4 exd4 14. Qxd4 f6 15. Nxd6 Qxd6 16. Qxd6 cxd6 17. Rad1 Re6 18. Nd4 Rxe4 19. f3 Re3 20. Rfe1 Rxe1+ 21. Rxe1 Ne5 22. f4 Ng6 {So,W (2767)-Nakamura,H (2745) Chess.com INT 2020 ½-½ (61)}) 8... a5 ({RR} 8... b6 9. O-O a5 10. a3 Ba6 11. Ne3 g6 12. Re1 Bd6 13. Qd2 a4 14. Qc3 Bb7 15. d4 O-O-O 16. Nc4 exd4 17. Qxd4 Bc5 18. Qc3 Ba6 19. Be3 Rhe8 20. Ncd2 Bxe3 21. Rxe3 Qc5 22. Rae1 Qxc3 23. Rxc3 {Praggnanandhaa,R (2757)-Le,Q (2731) Biel SUI 2024 0-1 (65)}) 9. a4 b6 10. O-O Ba6 $146 ({RR} 10... O-O 11. b3 Re8 12. Bb2 f6 13. Nh4 Nf8 14. Nf5 Qf7 15. g3 Bxf5 16. exf5 Bd4 17. Bxd4 exd4 18. Qg4 Qd5 19. Rfe1 Nd7 20. Re4 Rxe4 21. Qxe4 Qxe4 22. dxe4 Nc5 23. f3 d3 24. cxd3 Rd8 25. Nb2 {Lagarde,M (2626)-Bilych,O (2342) Terme Catez 2022 0-1 (41)}) 11. b3 f6 12. Nh4 g6 13. g3 Nf8 14. Be3 Ne6 15. Bxc5 Qxc5 16. Qe3 Nd4 17. Rfc1 O-O-O 18. Nf3 Bxc4 19. bxc4 Ne6 20. Qxc5 Nxc5 21. h4 Kd7 22. Kf1 Kd6 23. Re1 Ne6 24. Ke2 Rhf8 25. Kd1 f5 26. exf5 Rxf5 27. Nd2 Rdf8 28. Ne4+ Kd7 29. Rf1 Rf3 30. Kd2 h6 31. Rae1 Nd4 32. Kc3 c5 33. Kb2 Kc6 34. Kc3 R3f7 35. Re3 Kd7 36. Rc1 Nf5 37. Rf3 Nd6 38. Rxf7+ Rxf7 39. Re1 Nxe4+ 40. Rxe4 Rxf2 41. Rxe5 Rf3 42. g4 Rh3 43. h5 Rh4 44. hxg6 Rxg4 45. Rf5 Rxg6 46. Rf7+ Kd6 47. Rh7 c6 48. Rb7 Ke5 49. Rxb6 h5 50. Rb8 Kf4 51. Rh8 Kg4 52. d4 cxd4+ 53. Kxd4 Rg5 54. c5 h4 55. Ke3 h3 56. Kf2 Rxc5 57. Rg8+ Kf4 58. Rf8+ Ke4 59. Kg3 Rc3+ 60. Kh2 c5 61. Ra8 Rxc2+ 62. Kxh3 c4 63. Rxa5 c3 64. Ra8 Ra2 65. a5 c2 66. Re8+ Kd3 67. Rd8+ Kc3 68. Rc8+ Kb2 69. Rb8+ Ka1 70. Rc8 Kb1 0-1

[Event "45th FIDE Chess Olympiad Open"]
[Site "Budapest, Hungary"]
[Date "2024.09.13"]
[Round "3.57"]
[White "Predke, Alexandr"]
[Black "Bogner, Sebastian"]
[Result "1/2-1/2"]
[WhiteElo "2671"]
[BlackElo "2545"]
[PlyCount "120"]
[EventDate "2024.??.??"]
[WhiteTeam "Serbia"]
[BlackTeam "Switzerland"]
[WhiteTeamCountry "SRB"]
[BlackTeamCountry "SUI"]
[WhiteClock "0:01:47"]
[BlackClock "0:00:36"]

1. e4 {Mortensen,Erling} e5 2. Nf3 Nf6 3. d4 Nxe4 4. Bd3 d5 5. Nxe5 Nd7 6. Nc3 Nxc3 ({RR} 6... Bb4 7. O-O Nxe5 8. dxe5 Nxc3 9. bxc3 Bxc3 10. Rb1) 7. bxc3 Bd6 8. O-O O-O 9. Bf4 ({RR} 9. Qh5 g6 10. Qe2 Re8) ({RR} 9. Nxd7 Qxd7) ({RR} 9. f4 c5 10. Nxd7 Bxd7 11. Qh5 f5) ({RR} 9. Re1 Bxe5 10. dxe5 Nc5 11. Rb1) 9... Bxe5 10. Bxe5 Nxe5 11. dxe5 f6 $146 ({RR} 11... f5 12. Rb1 ({RR} 12. exf6 Qxf6 13. Qh5 Bf5) 12... Rb8 13. f4 c5 14. c4 ({RR} 14. Be2 Be6 15. Bf3 Qd7 16. Rf2 Rfd8 17. Rd2 Qf7) 14... Be6 15. g4 ({RR} 15. cxd5 Qxd5) 15... dxc4 ({RR} 15... fxg4 16. f5 dxc4 17. Be4 Qg5 18. Qc1 Qxc1 19. Rbxc1 Bd7 20. Bd5+ Kh8 21. e6) 16. Bxf5 Bxf5 17. gxf5 Qxd1 18. Rfxd1 ({RR} 18. Rbxd1 Rxf5 19. Rd7 g5) 18... Rxf5 19. Rd7 Rxf4 ({RR} 19... Rf7 20. Rbd1 Rxf4 21. e6 Rd4) 20. Rbxb7 Rxb7 21. Rxb7 Re4 22. Rxa7 Rxe5 23. Rc7 ({RR} 23. Kf2 Rh5 24. Kg3 Rd5 25. a4 Rd2 26. Rc7 Rxc2 27. a5) 23... Re1+ 24. Kf2 Rc1 25. Rxc5 Rxc2+ 26. Kg3 {Mortensen,E (2445)-Holst,A (2406) Aars 1999 CBM 074 [Mortensen,Erling] ½-½ (43)}) 12. Qh5 f5 13. f4 Qe7 14. Qf3 Qc5+ 15. Kh1 c6 16. Be2 Be6 17. Qd3 Rf7 18. a4 Qa5 19. Rfb1 Rd8 20. Qe3 Rfd7 21. Rb4 Re7 22. h3 Rf7 23. Kh2 Rdd7 24. Ra3 Rf8 25. Rb1 g6 26. Rd1 Rfd8 27. Qf2 Rf7 28. Rd3 Rfd7 29. Ra1 c5 30. Rg3 Rg7 31. h4 h5 32. Ra3 c4 33. Ra1 Rdd7 34. Qe3 b6 35. Qd4 Qc5 36. Qxc5 bxc5 37. Rb1 Kh7 38. Rb5 Rc7 39. Rf3 Rgd7 40. Rf1 d4 41. Rd1 Kg7 42. a5 Kf7 43. a6 Ke7 44. Kg3 Rc6 45. Ra5 dxc3 46. Rb1 Bd5 47. Ra3 Rb6 48. Rc1 Be6 49. Rxc3 Rxa6 50. Rb1 Ra4 51. Rb5 Rc7 52. Kf2 Bd5 53. g3 Kd7 54. Ke3 Rc8 55. Rb1 Kc7 56. Kf2 Rb8 57. Rd1 Rd8 58. Rb1 Rb8 59. Rd1 Rd8 60. Rb1 Rb8 1/2-1/2